LEADER 01327nam a2200289 a 4500 001 000000122523 003 CaOOAMICUS 005 20100719104151.0 008 100719t2010 it u000 u ita r 020 $a978-88-5750-012-6 040 $aPUL$bita$dReb 082 04$a193 245 03$aUn filosofo senza trampoli :$psaggi sulla filosofia di Ludwig Wittgenstein /$ca cura di Luigi Perissinotto. 260 $aMilano ; Udine :$bMimesis,$cİ2010. 300 $a309 p. ;$c21 cm. 490 1 $aFilosofie analitiche$aLinguaggio ;$v03 504 $aInclude riferimenti bibliografici ed indice. 600 14$aWittgenstein, Ludwig,$d1889-1951$xFilosofia.$0(OLS)http://pul/subject/2057 700 1 $aPerissinotto, Luigi.$0(OLS)http://pul/name/42923 830 0$aFilosofie analitiche$pLinguaggio ;$v03.$0(OLS)http://pul/title/154369 850 $aPUL 852 $aPUL$W1$xSL Filosofia 3$y81$m193 PERLU 2$j140724$qDDC 21$q $B139812$CPULBib$Z2$F139812 $H114098 $81 941 1 $a9 996 $6020$a978-88-5750-012-6$9(OLS)http://pul/number/144917 996 $6082$a193$9(OLS)http://pul/classification/412 996 $6245$aUn filosofo senza trampoli :$psaggi sulla filosofia di Ludwig Wittgenstein$9(OLS)http://pul/title/154368 996 $6260$aMilano ; Udine :$bMimesis$9(OLS)http://pul/publisher/81060 LEADER 01410nam a2200325 a 4500 001 000000141912 003 CaOOAMICUS 005 20150223104629.0 008 150223s2010 it af u000 u ita r 020 $z9788833921044* 040 $aPUL$bita 041 1 $aita$hger 082 04$a701 100 1 $aBelting, Hans,$d1935-$0(OLS)http://pul/name/61001 240 10$aFlorenz und Bagdad.$lItaliano.$0(OLS)http://pul/title/179634 245 12$aI canoni dello sguardo :$bstoria della cultura visiva tra Oriente e Occidente /$cHans Belting. 260 $aTorino :$bBollati Boringhieri,$cİ2010. 300 $a302 p., [47] c. di tav. :$bill. ;$c22 cm 490 1 $aNuova cultura ;$v244 504 $aInclude riferimenti bibliografici. 650 4$aProspettiva$yEvo medio.$0(OLS)http://pul/subject/41243 830 0$aNuova cultura ;$v244.$0(OLS)http://pul/title/20000 850 $aPUL 852 $aPUL$W1$xSL Cons. Gen., Altre Classi 3$y75$m701 BELHA 1$j163802$qDDC 21$q $B163836$CPULBib$Z2$F163836 $H125449 $81 941 1 $a9 996 $6020$z9788833921044*$9(OLS)http://pul/number/157034 996 $6082$a701$9(OLS)http://pul/classification/2541 996 $6245$aI canoni dello sguardo :$bstoria della cultura visiva tra Oriente e Occidente$9(OLS)http://pul/title/179633 996 $6260$aTorino :$bBollati Boringhieri$9(OLS)http://pul/publisher/47883